01896nam a2200433Ia 4500001001200000003000800012006001900020007001500039008004100054010001700095020001500112020001800127020001800145040002100163035002100184050002400205082002100229100002800250245015800278260005700436300001500493490004500508504005100553533015200604650004500756650005400801650007700855650008600932650006401018650007301082650002001155655002901175700002301204700002701227710001701254830004601271856012601317999001901443ebr10516005CaPaEBRm u cr cn|||||||||071101s2008 nyu sb 001 0 eng d z 2007045442 z080144683X z9780801446832 z9780801464935 aCaPaEBRcCaPaEBR a(OCoLC)76919046114aRT85.5b.G67 2008eb04a362.17/306832221 aGordon, Suzanne,d1945-10aSafety in numbersh[electronic resource] :bnurse-to-patient ratios and the future of health care /cSuzanne Gordon, John Buchanan, and Tanya Bretherton. aIthaca :bILR Press/Cornell University Press,c2008. aix, 272 p.1 aCulture and politics of health care work aIncludes bibliographical references and index. aElectronic reproduction.bPalo Alto, Calif. :cebrary,d2013.nAvailable via World Wide Web.nAccess may be limited to ebrary affiliated libraries. 0aNursing servicesxStandardszCalifornia. 0aNursing servicesxStandardszAustraliazVictoria. 0aNursing serviceszCaliforniaxPersonnel managementxStatistical methods. 0aNursing serviceszAustraliazVictoriaxPersonnel managementxStatistical methods. 0aHospitalszCaliforniaxAdministrationxStatistical methods. 0aHospitalszAustraliazVictoriaxAdministrationxStatistical methods. 0aRatio analysis. 7aElectronic books.2local1 aBretherton, Tanya.1 aBuchanan, John,d1959-2 aebrary, Inc. 0aCulture and politics of health care work.40uhttp://site.ebrary.com/lib/rucke/Doc?id=10516005zAn electronic book accessible through the World Wide Web; click to view c122365d122365